Billie Eilish - Billie Bossa Nova Lyrics - Statistics

General Stats
  • This quiz has been taken 304 times
  • The average score is 227 of 280
Answer Stats
Answer % Correct
I
99%
a
97%
A
97%
when
96%
you
96%
You
96%
you)
96%
me
95%
it
94%
(it
94%
It
94%
so
94%
your
94%
I'm
93%
(I'm
93%
at
92%
look
92%
the
92%
to
92%
be
91%
an
90%
for
90%
for)
90%
Make
89%
make
89%
And
88%
in
88%
Love
88%
not
88%
Some
88%
with
88%
comes
87%
tonight
86%
tonight)
86%
But
85%
can
85%
lock
85%
phone
85%
waiting
85%
(waiting
85%
way
85%
alone
84%
alone)
84%
get
84%
(get
84%
without
84%
better
83%
Da-da-da-da
83%
somethin'
83%
warning
83%
We
83%
you're
83%
(you're
83%
happen
82%
lot
82%
makes
82%
Makes
82%
take
82%
there's
82%
wanna
82%
dark
81%
do)
81%
on
81%
(on
81%
sentimental
81%
20
80%
boring
80%
'bout
80%
('Bout
80%
It's
80%
it's
80%
'Cause
79%
seconds
78%
change
77%
gets
76%
know
76%
lose
76%
who
76%
picture
75%
more
74%
sharing
74%
information's
72%
movie
71%
if
70%
door
69%
have
69%
hide
69%
hotel
69%
that
69%
That
69%
hard
68%
bearings
67%
different
67%
going
67%
going)
67%
little
67%
names
67%
sorry
67%
starts
67%
starts)
67%
stop
67%
Use
67%
check-ins
65%
mmh
65%
mmh-mmh
65%
Mm-mm-mm-mm-mm
65%
torture
65%
(torture
65%
lobby
64%
lobby)
64%
saw
64%
(saw
64%
once
63%
Won't
63%
yours
63%
yours)
63%
both
62%
of
62%
though
62%
though)
62%
impression
61%
jealous
61%
Nobody
61%
one
61%
strong
61%
arms
60%
only
59%
(only
59%
really
59%
we'd
58%
'em
57%
like
57%
might
57%
how
56%
obsession
55%
does
53%
floor
53%
floor)
53%
worth
53%
breathing
51%
heavy
47%
(yes
18%
No matching quizzes found
Score Distribution
Percent of People with Each Score
Percentile by Number Answered
Your Score History
You have not taken this quiz